000 00184nam a2200073Ia 4500
008 170817s9999 xx 000 0 und d
100 _aFREEMAN FRANK S.
245 0 _aPSYCHOLOGICAL TESTING
260 _bOXFORD & IBH PUB.
999 _c36420
_d36420